000 01894nam0a2200361 4500
001 RU\NLR\bibl\1112227
005 20260405162116.0
021 _aRU
_b2007-40531
_92174
035 _a(NLR Aleph) 001099257
090 _a1167715
_c1167715
100 _a20070724d2007 |||y0rusy50 ca
101 0 _arus
102 _aRU
105 _aa |||||||||
200 1 _aФундаментальные и прикладные проблемы физики полупроводников и источников света
_eтезисы докладов V Всероссийской конференции 16-18 апреля 2007 года [г. Саранск
_fотв. ред. В.К. Свешников д.т.н., проф.]
210 _aСаранск
_cМордовский государственный педагогический институт
_d2007
215 _a162 с.
_cил.
_d21
300 _aВ надзаг.: Правительство Респ. Мордовии, Акад. электротехн. наук РФ, ГОУ ВПО "Морд. гос. пед. ин-т им. М.Е. Евсевьева" [и др.]
320 _aБиблиогр. в конце ст.
320 _aУказ. авт.: с. 160-162
606 1 _aПолупроводники
_jТезисы докладов
_xФизические свойства
_92085330
_3RU\NLR\auth\661261445
606 1 _aИсточники света
_jТезисы докладов
_9980339
_3RU\NLR\auth\66369009
686 _aВ379.2я431(2)
686 _aЗ294-52я431(2)
702 1 _4340
_8rus
_7ca
_aСвешников
_bВ. К.
_gВиктор Константинович
_3RU\NLR\auth\7768462
_951390
801 0 _aRU
_bNLR
_c20070724
_gRCR
801 1 _aRU
_bNLR
_c20070724
830 _aред. по базе
942 _cBOOK
980 _aNB
980 _aNBR